| 000 | 00662cam a2200229 4500 | ||
|---|---|---|---|
| 008 | 000000n2000 000 0 eng u | ||
| 020 | _a1841741426 | ||
| 035 | _a(Sirsi) u105391 | ||
| 050 | _a333.73 | ||
| 100 | _aHellawell, Trevor | ||
| 245 | _aBlackstone's guide to contaminated land. | ||
| 260 |
_aLondon _bBlackstone Press _c2000 |
||
| 350 | _a24.95 | ||
| 520 | _aIncludes a copy of the act | ||
| 650 | _aCONTAMINATED LAND | ||
| 650 |
_aEnvironment _96238 |
||
| 650 | _aENVIRONMENTAL PROTECTION ACT 1990 | ||
| 650 | _aCONTAMINATED LAND (ENGLAND) REGULATIONS 2000 | ||
| 650 | _aREMEDIATION | ||
| 690 | _aENVIRONMENT-CONTAMINATION | ||
| 942 | _n0 | ||
| 999 |
_c100379 _d100379 |
||